| 000 | 00451nam a2200157Ia 4500 | ||
|---|---|---|---|
| 999 |
_c36245 _d36245 |
||
| 003 | OSt | ||
| 005 | 20201207105649.0 | ||
| 008 | 190216s9999||||xx |||||||||||||| ||und|| | ||
| 040 | _coclc | ||
| 082 |
_a025.1 _bKUM/L |
||
| 100 |
_aKumar, Krishan _97227 |
||
| 245 | 0 |
_aLibrary Organization / _cKrishan Kumar |
|
| 260 |
_bVikas Publications, _c1987. _aNew Delhi: |
||
| 300 | _a278p | ||
| 942 |
_cREF _2ddc _h025.1 _iKUM/L _k025.1 _mKUM/L |
||